header

American Lazarus (Record no. 50604)

MARC details
000 -LEADER
fixed length control field 02032nam a2200433 a 4500
082 04 - DEWEY DECIMAL CLASSIFICATION NUMBER
Classification number 810.9/96073
100 1# - MAIN ENTRY--AUTHOR NAME
Personal name Brooks, Joanna,
245 10 - TITLE STATEMENT
Title American Lazarus
260 ## - PUBLICATION, DISTRIBUTION, ETC. (IMPRINT)
Place of publication Oxford ;
-- New York :
Name of publisher Oxford University Press,
Year of publication 2003.
300 ## - PHYSICAL DESCRIPTION
Number of Pages vi, 255 p.
650 #0 - SUBJECT ADDED ENTRY--TOPICAL TERM
Topical Term American literature
Topical Term Christianity and literature
Topical Term American literature
Topical Term American literature
Topical Term American literature
Topical Term American literature
Topical Term Hymns, English
Topical Term Christian literature, American
Topical Term Indians of North America
Topical Term African Americans
Topical Term African Americans in literature.
Topical Term Indians in literature.
856 40 - ELECTRONIC LOCATION AND ACCESS
Uniform Resource Identifier http://site.ebrary.com/lib/rucke/Doc?id=10085321

No items available.

© 2026 Rongo University
Contact us: librarian | system librarian | Rongo university